000 00465pam a2200169 a 4500
020 _a0875532357
_c
041 _aeng
082 _a543
_bCES
100 _aCesceri, L S.
245 _aStandard Methods For the Examination of Water and Wastewater
_hTextual Documents
250 _a20th ed.
260 _aWashington:
_bAmerican Public Health Association ,
_c1998.
300 _aI-48.
653 _aAnalytical Chemistry
700 _aGreenberg, A E.
930 _a2115
999 _c75400
_d75400